Catalog

Record Details

Catalog Search



Stručná historie církve slovanské  Cover Image Book Book

Stručná historie církve slovanské / Jan Amos Komenský ; překlad, úvod a poznámky Josef Hendrich

Komenský, Jan A. (Author). Hendrich, Josef (Added Author).

Record details

  • Physical Description: 112 s.
  • Publisher: Praha Melantrich 1941

Available copies

  • 1 of 1 copy available at Common Catalog SPOK.

Holds

  • 0 current holds with 1 total copy.
Show Only Available Copies
Location Call Number / Copy Notes Barcode Shelving Location Status Due Date
ETS Library 274.3703 424470005072 Volný výběr Available -

LDR 00725nam a2 00241
00140715
003CZ-PrJAB
00520040305000000.0
008030904s1941 xr e |||| |cze
009cz
035 . ‡a(CONS)8797
035 . ‡aKPS4578
041 . ‡acze
08214. ‡a274.3703
100 . ‡71879 ‡aKomenský, Jan A.
245 . ‡aStručná historie církve slovanské / ‡cJan Amos Komenský ; překlad, úvod a poznámky Josef Hendrich
260 . ‡aPraha ‡bMelantrich ‡c1941
300 . ‡a112 s.
490 . ‡aOdkaz minulosti české ‡vSv. 7.
653 . ‡aStručná historie církve slovanské
700 . ‡73033 ‡aHendrich, Josef
8524 . ‡bETS ‡bETS ‡cVolný výběr ‡j274.3703 ‡gA ‡p424470005072
910 . ‡aABG450
999 . ‡a8797 ‡bAUTOGEN ‡c8797 ‡tbiblio
905 . ‡uadmin
901 . ‡a40715 ‡b ‡c40715 ‡tbiblio ‡sets

Additional Resources